| 000 | 01174pam a2200349 i 4500 | ||
|---|---|---|---|
| 999 |
_c27077 _d27049 |
||
| 001 | 016611899 | ||
| 003 | Uk | ||
| 005 | 20201128024404.0 | ||
| 008 | 140114r20142011nyua b 001|0 eng d | ||
| 015 |
_aGBB410139 _2bnb |
||
| 016 | 7 |
_a016611899 _2Uk |
|
| 020 | _a9780199360598 (pbk.) : | ||
| 035 | _a(UkOxU)019676267 | ||
| 035 | _a(Uk)016611899 | ||
| 040 |
_aStDuBDS _beng _cStDuBDS _dUkOxU _dEG-ScBUE _erda |
||
| 082 | 0 | 4 |
_a174.4 _223 _bROS |
| 100 | 1 |
_aRose, David C. _q(David Charles), _eauthor. |
|
| 245 | 1 | 4 |
_aThe moral foundation of economic behavior / _cby David C. Rose. |
| 264 | 1 |
_aNew York, NY : _bOxford University Press, _c2011. |
|
| 300 |
_axiii, 269 pages : _billustrations ; _c24 cm |
||
| 336 |
_atext _2rdacontent |
||
| 336 |
_astill image _2rdacontent |
||
| 337 |
_aunmediated _2rdamedia |
||
| 338 |
_avolume _2rdacarrier |
||
| 500 | _aOriginally published: 2011. | ||
| 504 | _aIncludes bibliographical references (pages 241-253) and index. | ||
| 650 | 7 |
_aEconomics _xMoral and ethical aspects. _930285 _2BUEsh |
|
| 650 | 7 |
_aTrust _xEconomic aspects. _2BUEsh |
|
| 650 | 7 |
_aCooperation. _91642 _2BUEsh |
|
| 653 |
_bBUSECO _cFebruary2019 |
||
| 942 |
_2ddc _cBB |
||